| 000 | 00529nam a22001697a 4500 | ||
|---|---|---|---|
| 999 |
_c62544 _d62544 |
||
| 005 | 20241204103835.0 | ||
| 008 | 241204s2024 enk||||| |||| 00| 0 eng d | ||
| 020 | _a9781499753851x | ||
| 041 | _aeng | ||
| 080 | _a821.112.2-32 H-61 | ||
| 100 |
_aHesse, Hermann. _923853 |
||
| 245 |
_aSiddhartha : _bAn Indian Tale by Hermann Hesse / _cHermann Hesse. |
||
| 264 |
_aMiddletown, _c2024. |
||
| 300 | _b23 cm. | ||
| 653 | _aჰერმან ჰესეს ინდური ზღაპარი | ||
| 942 |
_2udc _cᲬᲘᲒᲜᲘ |
||